Central Library OPAC University of Rajshahi

Von Thünen's Isolated state : (Record no. 59418)

MARC details
000 -LEADER
fixed length control field 00924nam a2200241 a 4500
001 - CONTROL NUMBER
control field 59418
003 - CONTROL NUMBER IDENTIFIER
rucl marc code BD-RJUL
005 - DATE AND TIME OF LATEST TRANSACTION
control field 20211209080727.0
008 - FIXED-LENGTH DATA ELEMENTS--GENERAL INFORMATION
fixed length control field 161224s1966 enka 001 0 eng d
035 ## - SYSTEM CONTROL NUMBER
System control number (BD-RJUL)59542
040 ## - CATALOGING SOURCE
Original cataloging agency UKM
Transcribing agency UKM
Modifying agency BD-RJUL
Language of cataloging eng
041 ## - LANGUAGE CODE
Language code of text/sound track or separate title eng
082 04 - DEWEY DECIMAL CLASSIFICATION NUMBER
Classification number 338.1
Edition number 23
Author mark and year THV 1966
100 1# - MAIN ENTRY--PERSONAL NAME
Personal name Thünen, Johann Heinrich von,
Dates associated with a name 1783-1850.
9 (RLIN) 176715
245 10 - TITLE STATEMENT
Title Von Thünen's Isolated state :
Remainder of title an English edition of Der isolierte Staat /
Statement of responsibility, etc. Johann Heinrich von Thünen ; translated by Carla M. Wartenberg, edited with an introduction by Peter Hall.
260 ## - PUBLICATION, DISTRIBUTION, ETC. (IMPRINT)
Place of publication, distribution, etc. Oxford :
Name of publisher, distributor, etc. Pergamon Press,
Date of publication, distribution, etc. c1966.
300 ## - PHYSICAL DESCRIPTION
Pagination viii, 304 p. :
Illustrations ill. ;
Size 23 cm.
500 ## - GENERAL NOTE
General note Includes index
650 ## - SUBJECT ADDED ENTRY--TOPICAL TERM
Topical term or geographic name as entry element Agriculture -- Economic aspects
Form subdivision Economic aspects -- Germany
Chronological subdivision Rent (Economic theory)
9 (RLIN) 176716
700 1# - ADDED ENTRY--PERSONAL NAME
Personal name Wartenberg, Carla M.
Personal name Hall, Peter.
942 ## - ADDED ENTRY ELEMENTS (KOHA)
Source of classification or shelving scheme Dewey Decimal Classification
Koha item type Books
Holdings
Lost status Source of classification or shelving scheme Damaged status Not for loan Collection code Permanent Location Current Location Shelving location Date acquired Source of acquisition Cost, normal purchase price Total Checkouts Full call number Date last seen Copy number Koha item type
  Dewey Decimal Classification   Not For Loan Non-fiction Central Library, University of Rajshahi Central Library, University of Rajshahi Reading Room 28/08/1968 Zeitlinger 116.00   338.1 THV 1966 24/12/2016 C-1 Books